Minecraft Mobs: Shulker - Statistics

General Stats
  • This quiz has been taken 9 times
  • The average score is 9 of 10
Answer Stats
Question Answer % Correct
What is a shulker's height in blocks when closed? 1
100%
What is a shulker's width in blocks? 1
100%
What is a shulker's height in blocks when peeking? 1.2
100%
What is a shulker's height in blocks when open? 2
100%
What structure do shulkers generate in? End City
100%
What effect do shulker attacks inflict? Levitation
100%
What item does a shulker drop? Shulker Shell
100%
How many health points does a shulker have? 30
67%
What advancement do you get for traveling 50 blocks vertically while under that effect? Great View From Up Here
50%
What is a shulker bullet's width and height in blocks? 0.3125
33%
No matching quizzes found
Score Distribution
Percent of People with Each Score
Percentile by Number Answered
Your Score History
You have not taken this quiz